| 000 | 006380000a22001810004500 | ||
|---|---|---|---|
| 003 | MACL | ||
| 005 | 20160401123421.0 | ||
| 008 | 160401b xxu||||| |||| 00| 0 eng d | ||
| 040 |
_aMACL _cMACL |
||
| 041 | _aHindi | ||
| 082 | _a370 | ||
| 100 |
_aभाटिया सुदर्शन _917524 |
||
| 245 | _aबच्चों की शिक्षा-दीक्षा में माता-पिता की भूमिका | ||
| 260 |
_bराष्ट्रीय साहित्य सदन _c2006 _aनई दिल्ली |
||
| 350 | _a200 | ||
| 650 |
_aEducation _949562 |
||
| 942 |
_cHIN _k370 _2ddc |
||
| 999 |
_c11196 _d11196 |
||